• 首页
  • 本馆介绍
  • 公告通知
  • 最新文献
  • 馆藏检索
  • 电子资源
  • 读者导购
  • 参考咨询
  • 我的图书馆
  • 登录
  • 详细信息显示
  • 放入我的书架
  • 预约/预借图书
  • 作者相关作品
  • 分类相关作品
  • 丛书相关作品
  • 出版社相关作品

书目信息

  • 表格格式
  • 工作单格式
  • 卡片格式
题名:
学堂乐歌考源
    
 
作者: 钱仁康 著
分册:  
出版信息: 上海   上海音乐出版社  2001
页数: 317页
开本: 20cm
丛书名:
单 册:
中图分类: J642.9
科图分类:
主题词: 学校--歌曲--考证--中国 , 学校 , 歌曲 , 音乐--作品--中国
电子资源:
ISBN: 7-80553-848-4
000 00630nam0 2200253 45
001 (011001)c2001058133
005 20031219104108.3
010    @a7-80553-848-4@dCNY20.00
100    @a20010712d2001 emky0chiy0110 ea
101 0  @achi
102    @aCN@b310000
105    @ag z 000yd
106    @ar
200 1  @a学堂乐歌考源@f钱仁康著
210    @a上海@c上海音乐出版社@d2001
215    @a317页@d20cm
606 0  @a学校@x歌曲@x考证@y中国
606 0  @a学校
606 0  @a歌曲
606 0  @a音乐@x作品@x中国
690    @aJ642.9@v4
701  0 @a钱仁康@4著
801    @aCN@bTSTC@c20030401
905    @b321858-862@dJ642.9@e156@f5
    
    学堂乐歌考源/钱仁康著.-上海:上海音乐出版社,2001
    317页;20cm
    
    
    ISBN 7-80553-848-4:CNY20.00
    
●
相关链接 在E读中查询图书 在五车中查询图书 在当当中查询图书 在豆瓣中查询图书


正题名:学堂乐歌考源     索取号:J642.9/156         预约/预借

序号 登录号 条形码 馆藏地/架位号 状态 备注
1 0321858   203218589   第一借阅区/ [索取号:J642.9/156] 在馆    
2 0321859   203218598   第一借阅区/ [索取号:J642.9/156] 在馆    
3 0321860   203218605   第一借阅区/ [索取号:J642.9/156] 在馆    
4 0321861   203218614   第一借阅区/ [索取号:J642.9/156] 在馆    
5 0321862   203218623   第一借阅区/ [索取号:J642.9/156] 在馆    
唐山师范学院图书馆 欢迎您!
大连网信软件有限公司© 版权所有